Torschützenkönige in der Geschichte des 1. FC Union Berlin - Statistiken

Allgemein
  • Dieses Quiz wurde 11 mal gespielt
  • Das Durchschnittsergebnis liegt bei 2 aus 10
Antwortstatistiken
Tore Nationalität Spieler % Korrekt
61 Deutschland Torsten Mattuschka
89%
62 Algerien / Deutschland Karim Benyamina
56%
46 Deutschland Sebastian Polter
33%
47 Brasilien Daniel Teixeira
22%
48 Bosnien und Herzegowina Sergej Barbarez
22%
44 Deutschland Nico Patschinski
11%
44 Nordmazedonien Goran Markov
0%
66 Polen Jacek Mencel
0%
37 Deutschland Matthias Zimmerling
0%
40 Deutschland Steffen Menze
0%
Keine übereinstimmenden Quizze gefunden
Verteilung der Resultate
Anzahl Personen mit jedem Resultat
Perzentil nach korrekt beantworteten Fragen
Ihre Resultats-Entwicklung
Sie haben dieses Quiz noch nicht gespielt